Diverzita v ČR a její reflexe pro podniky a zaměstnanost
Pojem diverzita. Rôznorodosť a jej riadenie. Diverzity manažment. Genderové rozdiely. Diverzita v Českej republike.
Saved in:
| Main Author: | |
|---|---|
| Format: | Book Chapter |
| Language: | Czech |
| Subjects: | |
| Tags: |
No Tags, Be the first to tag this record!
|
MARC
| LEADER | 00000nla a2200000 4500 | ||
|---|---|---|---|
| 001 | 0152746 | ||
| 005 | 20230113121305.3 | ||
| 041 | 0 | |a cze | |
| 044 | |a CZ | ||
| 245 | 1 | 0 | |a Diverzita v ČR a její reflexe pro podniky a zaměstnanost |c Milena Jiřincová |
| 520 | |a Pojem diverzita. Rôznorodosť a jej riadenie. Diverzity manažment. Genderové rozdiely. Diverzita v Českej republike. | ||
| 610 | 2 | 0 | |a Česko |
| 610 | 2 | 0 | |a podnik |
| 610 | 2 | 0 | |a zamestnanosť |
| 610 | 2 | 0 | |a manažment |
| 610 | 2 | 0 | |a diverzita |
| 610 | 2 | 0 | |a diskriminácia |
| 100 | 1 | |a Jiřincová, Milena | |